Littérature française: les auteurs - Statistiques

Statistiques générales
  • Ce quiz a été pris 17 006 fois
  • Le résultat moyen est 9 sur 20
Statistiques - réponses
Œuvre Auteur % Correct
Les Misérables Victor Hugo
95%
L'Étranger Albert Camus
93%
Les Fables Jean de la Fontaine
92%
L'Avare Molière
92%
Le Malade imaginaire Molière
92%
Le Rouge et le Noir Stendhal
92%
Le Petit Prince Antoine de Saint-Exupéry
91%
Les Fleurs du mal Charles Baudelaire
91%
Germinal Émile Zola
91%
Notre-Dame de Paris Victor Hugo
89%
Le Tartuffe Molière
87%
Les Trois Mousquetaires Alexandre Dumas
85%
Candide Voltaire
85%
Le Tour du monde en quatre-vingts jours Jules Verne
84%
Bel-Ami Guy de Maupassant
82%
Le Cid Pierre Corneille
82%
Le Bourgeois gentilhomme Molière
81%
Voyage au centre de la Terre Jules Verne
80%
La Peste Albert Camus
79%
Vingt mille lieues sous les mers Jules Verne
79%
Le Comte de Monte-Christo Alexandre Dumas
78%
Madame Bovary Gustave Flaubert
78%
L'Assommoir Émile Zola
77%
Zadig Voltaire
77%
Le Horla Guy de Maupassant
76%
Le Misanthrope Molière
76%
L'Encyclopédie Denis Diderot/Jean le Rond d'Alembert
75%
À la recherche du temps perdu Marcel Proust
75%
L'École des femmes Molière
75%
Le Dernier Jour d'un condamné Victor Hugo
74%
Phèdre Jean Racine
73%
Le Père Goriot Honoré de Balzac
72%
Au Bonheur des Dames Émile Zola
70%
Le Gloire de mon père Marcel Pagnol
70%
Le Deuxième Sexe Simone de Beauvoir
70%
Gargantua François Rabelais
68%
Voyage au bout de la nuit Louis-Ferdinand Céline
68%
Les Femmes savantes Molière
68%
Nana Émile Zola
67%
Les Précieuses ridicules Molière
67%
Les Contemplations Victor Hugo
67%
Alcools Guillaume Apollinaire
62%
Le Chateau de ma mère Marcel Pagnol
62%
Essais Michel de Montaigne
62%
L'Écume des jours Boris Vian
61%
Cyrano de Bergerac Edmond Rostand
61%
Boule de suif Guy de Maupassant
61%
Lettres Persanes Montesquieu
61%
Pantagruel François Rabelais
60%
La Comédie humaine Honoré de Balzac
60%
Andromaque Jean Racine
58%
Discours de la méthode René Descartes
58%
Hernani Victor Hugo
58%
Thérèse Raquin Émile Zola
57%
L'Éducation sentimentale Gustave Flaubert
55%
Les Liaisons dangereuses Pierre Choderlos de Laclos
55%
Le Mythe de Sisyphe Albert Camus
52%
Ruy Blas Victor Hugo
52%
Antigone Jean Anouilh
51%
Le Mariage de Figaro Beaumarchais
50%
De l'Esprit des lois Montesquieu
48%
Boujour tristesse Françoise Sagan
47%
Mémoires d'outre-tombe François-René de Chateaubriand
47%
L'Être et le Néant Jean-Paul Sartre
47%
Britannicus Jean Racine
46%
Huis clos Jean-Paul Sartre
45%
De la Terre à la Lune Jules Verne
45%
L'Amant Marguerite Duras
44%
Le Bateau ivre Arthur Rimbaud
42%
Manon des sources Marcel Pagnol
42%
Iphigénie Jean Racine
41%
J'irai cracher sur vos tombes Boris Vian
39%
La Mare au diable George Sand
39%
La Condition humaine André Malraux
38%
Le Barbier de Séville Beaumarchais
38%
La Dame aux camélias Alexandre Dumas fils
37%
Lorenzaccio Alfred de Musset
37%
Marius Marcel Pagnol
37%
Poèmes saturniens Paul Verlaine
37%
Le Colonel Chabert Honoré de Balzac
36%
Émile Jean-Jacques Rousseau
36%
Les Mots Jean-Paul Sartre
36%
L'Ingénu Voltaire
36%
Les Mouches Jean-Paul Sartre
34%
Micromégas Voltaire
34%
Les Justes Albert Camus
33%
Le Pont Mirabeau Guillaume Apollinaire
33%
Pierre et Jean Guy de Maupassant
33%
L'Île mystérieuse Jules Verne
33%
L'Homme qui rit Victor Hugo
33%
Perceval ou le comte du Graal Chrétien de Troyes
32%
Caligula Albert Camus
31%
Une saison en enfer Arthur Rimbaud
30%
Yvain ou le Chevalier au lion Chrétien de Troyes
30%
Lancelot ou le Chevalier de la charette Chrétien de Troyes
30%
Médée (1635) Pierre Corneille
30%
Le Grand Meaulnes Alain-Fournier
29%
La Reine Margot Alexandre Dumas
28%
Lucrèce Borgia Victor Hugo
28%
Michel Strogoff Jules Verne
26%
Les Paradis artificiels Charles Baudelaire
24%
Poil de Carotte Jules Renard
24%
Les Illuminations Arthur Rimbaud
23%
La Religieuse Denis Diderot
23%
Zaïre Voltaire
23%
Le Capitaine Fracasse Théophile Gautier
22%
Vingt ans après Alexandre Dumas
21%
Les Regrets Joachim du Bellay
21%
Méditations poétiques Alphonse de Lamartine
20%
Aurélien Louis Aragon
20%
Les Rois maudits Maurice Druon
20%
Carmen Prosper Mérimée
20%
Indiana George Sand
17%
Le Rire Henri Bergson
17%
Maximes François de la Rochefoucauld
16%
Les Poètes maudits Paul Verlaine
16%
Les Contes de ma mère l'Oye Charles Perrault
15%
Gigi Colette
15%
Pêcheur d'Islande Pierre Loti
14%
La Nouvelle Justine Donatien Alphonse François de Sade
13%
Le Passe-Muraille Marcel Aymé
13%
Le Roman de la Momie Théophile Gautier
13%
Les Filles du feu Gérard de Nerval
12%
Les Mandarins Simone de Beauvoir
11%
Fantasio Alfred de Musset
9%
Le Journal d'une femme de chambre Octave Mirbeau
9%
Nicodème Pierre Corneille
9%
La Chanson du mal-aimé Guillaume Apollinaire
8%
Le Bossu Paul Féval
8%
Cinq-Mars Alfred de Vigny
7%
Érec et Énide Chrétien de Troyes
7%
L'Après-midi d'un faune Stéphane Mallarmé
7%
Mademoiselle de Maupin Théophile Gautier
7%
Consuelo George Sand
6%
Le Roman de la Rose Guillaume de Lorris/Jean de Meung
6%
Les Amours jaunes Tristan Corbière
6%
Jean-Christophe Romain Rolland
5%
Stello Alfred de Vigny
4%
La Révolte des anges Anatole France
4%
Les Trophées José-Maria de Heredia
4%
L'Écornifleur Jules Renard
4%
Chanson de Roland (supposé) Turold
4%
La Mort de Socrate Alphonse de Lamartine
3%
Le Crime de Sylvestre Bonnard Anatole France
3%
Le Désespéré Léon Bloy
3%
Odes funambulesques Théodore de Banville
3%
Le Taureau blanc Voltaire
3%
Tancrède Voltaire
3%
Le Chevalier des Touches Jules Barbey d'Aurevilly
2%
Les Éxilés Théodore de Banville
1%
Aucun quiz correspondant
Distribution des résultats
% des personnes avec chaque résultat
Percentile par nombre de réponses
Votre historique - résultats
Vous n’avez pas pris ce quiz